Kirjaimella H alkavia kaupunkeja kartalla - Statistics

Yleistilastot
  • Tätä visaa on pelattu 861 kertaa
  • Keskiarvotulos 11 / 25
Vastaukset kartalla
Vastauksille on annettu kartalla punavihreä väri sen mukaan, kuinka moni on saanut sen oikein.
 
Vastaustilastot
Kaupunki % Oikein
Helsinki
99%
Hampuri
85%
Hanoi
80%
Havanna
78%
Houston
77%
Honolulu
70%
Harkova
64%
Hongkong
63%
Harare
51%
Ho Chi Minh
51%
Hiroshima
47%
Haifa
36%
Halifax
35%
Honiara
33%
Hyderabad
31%
Hobart
27%
Hangzhou
25%
Harbin
25%
Hamilton
20%
Hargeisa
20%
Huelva
16%
Homs
15%
Hermosillo
12%
Huambo
12%
Huancayo
10%
Ehtoja vastaavia visoja ei löytynyt
Tulosjakauma
Jokaisen tuloksen saaneiden osuus
Persentiili vastausten määrän mukaan
Tuloshistoriasi
Et ole pelannut tätä visaa